00554cam a22002057a 4500003000500000005001700005008004100022010000900063011000900072035000900081040000900090100001900099245005200118260006700170300001900237650002300256650002400279700002500303700002000328CHAP20220329133450.0971013s1984 r 00010 d a6681 a7653 a6877 cCHAP00aAcheampong, E.12aA world survey of sorghum and millets germplasm aRome :bInternational Board for Plant Genetic Resources,c1984 a41 p.b: ilus.14aMijoxGermoplasma.14aSorgoxGermoplasma.0 aMurthi Anishetty, N.0 aWilliams, J. T.